000 00576nam a2200217Ia 4500
005 20250923144941.0
008 008 250917s9999 xx 000 0 eng d
037 _aTextual
040 _aDSWL
_beng
_cDSWL
041 _aeng
_2eng
084 _a902, K4
_qDSWL
100 _aDatta, K.K.
_9830190
245 0 _aDawn of renaseent India
_cby K.K. Datta
250 _a2nd
260 _aBombay
_bAllied Publiers Pvt. Ltd
_c1964
300 _aVII,152 p.
365 _aINR
_b16
925 _g16
942 _cTEXL
_h902, K4
999 _c1445318
_d1445318